[Event "Hrokurinn"]
[Site "Reykjavic ISL"]
[Date "2003.02.25"]
[Round "7"]
[White "Kristjansson,S"]
[Black "Stefansson,H"]
[Result "1/2-1/2"]
[WhiteElo "2432"]
[BlackElo "2569"]

1.e4 c5 2.c3 Nf6 3.e5 Nd5 4.d4 cxd4 5.Nf3 Nc6 6.cxd4 d6 7.Bc4 Nb6 8.Bb5 dxe5
9.Nxe5 Bd7 10.Nxd7 Qxd7 11.Nc3 e6 12.O-O Be7 13.Qg4 O-O 14.Bxc6 bxc6 15.Bh6 Bf6
16.Rfd1 Kh8 17.Ne4 Qd8 18.Bg5 Bxg5 19.Nxg5 h6 20.Nf3 Nd7 21.Rd2 Qa5 22.Qf4 Qd5
23.a3 Rab8 24.h3 Rb7 25.Rc1 Kg8 26.Ne5 Nxe5 27.dxe5 Qa2 28.Rxc6 Rxb2 29.Rd7 Re2
30.Rc8 Qa1+ 31.Kh2 Qxe5 32.Rxf8+ Kxf8 33.Rxf7+ Kg8 34.Qxe5 Rxe5 35.Rxa7 Re2
36.Kg3 Ra2 37.h4 h5 38.Ra5 Kf7 39.Rxh5 Rxa3+ 40.f3 Ra4 41.Rb5 Kf6 42.f4 Ra3+
43.Kg4 g6 44.h5 gxh5+ 45.Rxh5 Kg6 46.Re5 Kf6 47.Kh4 Ra4 48.g3 Rb4 49.Re3 Ra4
50.Kg4 Ra1 51.Kf3 Rf1+ 52.Kg2 Ra1 53.g4 Rb1 54.Kf3 Ra1 55.g5+ Kf7 56.Re2 Ra3+
57.Re3 Ra4 58.Rb3 Ra1 59.Rb2 Rf1+ 60.Rf2 Rg1 61.Re2 Rf1+ 62.Ke4 Ra1 63.Rh2 Re1+
64.Kf3 Kg7 65.Re2 Rf1+ 66.Kg3 Kf7 67.Re5 Rg1+ 68.Kf2 Rg4 69.Kf3 Rg1 70.Ra5 Rb1
71.Ra7+ Kg6 72.Re7 Re1 73.Re8 Kf7 74.Rh8 Kg7 75.Rh6 Kf7 76.Rf6+ Kg7  1/2-1/2

[Event "4th ch-Asia"]
[Site "Doha QAT"]
[Date "2003.02.26"]
[Round "5"]
[White "Janahi,Z"]
[Black "Ahmed,SN"]
[Result "1/2-1/2"]
[WhiteElo "2245"]
[BlackElo "2309"]

1.e4 c5 2.c3 Nf6 3.e5 Nd5 4.d4 e6 5.Nf3 cxd4 6.cxd4 d6 7.Nc3 dxe5 8.Nxe5 Bb4
9.Bd2 O-O 10.Bd3 Nf6 11.Bg5 Nbd7 12.O-O Qa5 13.Nxd7 Nxd7 14.Bd2 Nf6 15.a3 Be7
16.b4 Qd8 17.Be3 Nd5 18.Qc2 Nxc3 19.Qxc3 Bd7 20.Be4 Qb8 21.Qd2 Bd6 22.f4 Rd8
23.d5 f5 24.dxe6 Bxe6 25.Bd5 Qc8 26.Qa2 Re8 27.Rfd1 Bf8 28.Rac1 Bxd5 29.Qxd5+ Qe6
30.Kf2 b6 31.Rc7 a5 32.bxa5 bxa5 33.Bc5 Bxc5+ 34.Rxc5 g6 35.Re1 Qxd5 36.Rxe8+ Rxe8
37.Rxd5 a4 38.Ra5 Re4 39.Kf3 Rc4 40.Re5 Kg7 41.Re3 Kh6 42.g3 Rc2 43.Re2 Rc1
44.h3 Kh5 45.g4+ Kh4 46.gxf5 gxf5 47.Re7 Rc3+ 48.Kg2 h5 49.Re5 Rxa3 50.Rxf5 Rg3+
51.Kf2 Rxh3 52.Ra5 a3 53.Kg2 Rb3 54.f5 Kg5 55.f6+ Kxf6 56.Rxh5 Rb2+ 57.Kg3 Ke6
58.Ra5 a2 59.Kf3 Kd6 60.Ke3 Kc6  1/2-1/2

[Event "ch-RUS w 1st League"]
[Site "Serpukhov RUS"]
[Date "2003.02.26"]
[Round "7"]
[White "Donets,V"]
[Black "Cherenkova,K"]
[Result "1-0"]
[WhiteElo "2123"]
[BlackElo "2191"]

1.e4 c5 2.c3 Nf6 3.e5 Nd5 4.d4 cxd4 5.Nf3 Nc6 6.cxd4 d6 7.Bc4 Nb6 8.Bb5 d5
9.Nc3 Bg4 10.Be3 e6 11.Rc1 Rc8 12.O-O Be7 13.h3 Bh5 14.Be2 a6 15.Nh2 Bxe2
16.Qxe2 Nc4 17.Qg4 Nxe3 18.fxe3 Bg5 19.Rce1 O-O 20.Nf3 Bh6 21.Qh5 Qe8 22.e4 Nb4
23.exd5 Nd3 24.Ne4 f5 25.Qxe8 Rcxe8 26.Nd6 Nxe1 27.Rxe1 Re7 28.dxe6 Rxe6
29.d5 Re7 30.g3 g6 31.Re2 Bg7 32.Nc4 Rc7 33.Nb6 Rd8 34.d6 Rc6 35.Nd5 Rc1+
36.Kf2 Bxe5 37.Nxe5 Rxd6 38.Nc3 b5 39.a3 Kg7 40.Nf3 Kf6 41.h4 h6 42.Nd2 Re6
43.Nd5+ Kf7 44.Rxe6 Kxe6 45.Nb4 a5 46.Nd3 Rc8 47.Ke3 g5 48.hxg5 hxg5 49.Nb3 Kf6
50.Nxa5 Re8+ 51.Kf3 Rd8 52.Ke3 Re8+ 53.Kd2 Re4 54.Nf2 Re8 55.Nb3 f4 56.gxf4 gxf4
57.Nd4 Rb8 58.Kd3 Kg5 59.Kc3 Kh4 60.Nd3 Kg4 61.Ne2 Rc8+ 62.Kb3 f3 63.Ne5+ Kf5
64.Nxf3 Ke4 65.Ne1 Re8 66.Nc3+ Kd4 67.Nc2+ Kc5 68.Nb4 Re3 69.Nd5 Rh3 70.Nc7  1-0

[Event "4th ch-Asia"]
[Site "Doha QAT"]
[Date "2003.02.27"]
[Round "6"]
[White "Turpanov,M"]
[Black "Abu Sufian,S"]
[Result "0-1"]
[WhiteElo "2351"]
[BlackElo "2226"]

1.e4 c5 2.c3 Nf6 3.e5 Nd5 4.d4 cxd4 5.cxd4 d6 6.Nf3 dxe5 7.dxe5 e6 8.a3 Be7
9.Bd3 Nd7 10.O-O b6 11.Nbd2 Qc7 12.Re1 Bb7 13.Nf1 Rd8 14.Qe2 Nc5 15.Bc4 h6
16.Bd2 O-O 17.Rac1 Qb8 18.b4 Nd7 19.Bd3 Qa8 20.Nd4 a5 21.Ng3 axb4 22.Nh5 Kh8
23.Qg4 Rg8 24.axb4 Bxb4 25.Bxb4 Nxb4 26.Bb1 Nc5 27.Re3 Qa1 28.Nb5 Qb2 29.Rf1 Ba6
30.Qh4 Rd7 31.Nf6 Bxb5 32.Ng4 Rd4 33.f4 Bxf1  0-1

[Event "ch-CZE w"]
[Site "Lahucovice CZE"]
[Date "2003.02.27"]
[Round "8"]
[White "Jinova,L"]
[Black "Herberova,H"]
[Result "1-0"]
[WhiteElo "2186"]
[BlackElo "2100"]

1.e4 c5 2.c3 Nf6 3.e5 Nd5 4.d4 cxd4 5.cxd4 d6 6.exd6 Qxd6 7.Nc3 Nxc3 8.bxc3 g6
9.Nf3 Bg7 10.Bc4 O-O 11.O-O Bg4 12.h3 Bxf3 13.Qxf3 Nc6 14.a4 Qc7 15.Ba2 e6
16.Re1 Rfe8 17.Bg5 Rac8 18.Bf6 Bxf6 19.Qxf6 Qd8 20.Qf4 Kg7 21.Rad1 Qa5 22.d5 exd5
23.Rxe8 Rxe8 24.Bxd5 Rf8 25.Rd3 Qd8 26.h4 h6 27.g3 Qe7 28.Re3 Qd7 29.c4 Re8
30.Rf3 Re1+ 31.Kg2 Ne5 32.Qf6+ Kg8 33.Rf4 b6 34.h5 g5 35.Rf5  1-0

[Event "Open"]
[Site "Cappelle la Grande FRA"]
[Date "2003.02.28"]
[Round "8"]
[White "Kernazhitsky,L"]
[Black "Timoshenko,G"]
[Result "1/2-1/2"]
[WhiteElo "2374"]
[BlackElo "2539"]

1.e4 c5 2.c3 Nf6 3.e5 Nd5 4.Nf3 Nc6 5.d4 cxd4 6.cxd4 d6 7.Bc4 Nb6 8.Bb5 dxe5
9.Nxe5 Bd7 10.Nxd7 Qxd7 11.Nc3 Rd8 12.a4 a6 13.Bxc6 Qxc6 14.O-O g6 15.Re1 Bg7
16.Bg5 O-O 17.Rxe7 Rxd4 18.Qf3 Qxf3 19.gxf3 Nd7 20.Rae1 h6 21.R1e4 Ne5 22.Rxd4 Nxf3+
23.Kg2 Nxd4 24.Be3 Rb8 25.Bf4 Nc6 26.Rd7 Be5 27.Bxh6 b5 28.axb5 axb5 29.Be3 b4
30.Na4 b3 31.Rd3 Rb4 32.Nc5 Bxb2 33.Rxb3 Rg4+ 34.Kh3 Rb4 35.Rxb4  1/2-1/2

[Event "Open"]
[Site "Cappelle la Grande FRA"]
[Date "2003.02.28"]
[Round "8"]
[White "Houhou,O"]
[Black "Dziuba,M"]
[Result "0-1"]
[WhiteElo "2257"]
[BlackElo "2448"]

1.e4 c5 2.c3 Nf6 3.e5 Nd5 4.d4 cxd4 5.Nf3 Nc6 6.Bc4 Nb6 7.Bb3 d5 8.exd6 Qxd6
9.O-O Be6 10.Bxe6 Qxe6 11.Nxd4 Qd7 12.Be3 e5 13.Nb5 Nc4 14.Qxd7+ Kxd7 15.Rd1+ Kc8
16.b3 Nxe3 17.fxe3 Bc5 18.Kf2 a6 19.N5a3 f5 20.Ke2 Kc7 21.b4 Be7 22.b5 Na5
23.Rd5 Bf6 24.Nd2 axb5 25.Rb1 Rhd8 26.Rdxb5 Ra7 27.Nc2 Nc6 28.R1b2 g6 29.Nb3 Rb8
30.Nb4 Nxb4 31.cxb4 Rd8 32.Rc2+ Kb8 33.Na5 Rc8 34.Rxc8+ Kxc8 35.a3 e4 36.Kd2 Ra6
37.Rc5+ Kd7 38.Rd5+ Ke6 39.Rb5 b6 40.Nc4 Bd8 41.Re5+ Kf6 42.Rd5 Bc7 43.h3 Ke6
44.Rb5 Kd7 45.Rd5+ Ke6 46.Rb5 Ra8 47.Kc2 Rb8 48.a4 h6 49.Kd1 Kd7 50.Ke2 h5
51.Ne5+ Bxe5 52.Rxe5 h4 53.Rd5+ Kc6 54.Re5 Rd8 55.a5 bxa5 56.bxa5 Rd6 57.Re8 Kd5
58.Ra8 Kc6 59.Re8 Kc5 60.Ra8 Kb5 61.Rh8 Kxa5 62.Rxh4 Kb4 63.Rh8 Kc4 64.Rc8+ Kd5
65.g4 Ke5 66.gxf5 gxf5 67.Rh8 Rb6 68.h4 Rb2+ 69.Ke1 Rh2 70.h5 Kf6 71.Rf8+  0-1

[Event "X Anibal Open"]
[Site "Linares ESP"]
[Date "2003.03.02"]
[Round "3"]
[White "Russek,G"]
[Black "Kempinski,R"]
[Result "0-1"]
[WhiteElo "2371"]
[BlackElo "2545"]

1.e4 c5 2.c3 Nf6 3.e5 Nd5 4.Nf3 e6 5.d4 cxd4 6.cxd4 d6 7.a3 Bd7 8.Bd3 Bc6
9.O-O Nd7 10.b4 a6 11.Re1 Be7 12.Nbd2 dxe5 13.dxe5 Nf4 14.Be4 Bxe4 15.Nxe4 Nd5
16.Bg5 O-O 17.Bxe7 Qxe7 18.Qd4 Rfd8 19.g3 h6 20.Rab1 Rdc8 21.Kg2 Rc2 22.Rec1 Rxc1
23.Rxc1 a5 24.Nd6 axb4 25.axb4 f6 26.Nc8 Qxb4 27.Qxb4 Nxb4 28.Rc7 Nxe5 29.Nxe5 fxe5
30.Rxb7 Nd3 31.Nd6 Ra2 32.Rb8+ Kh7 33.Ne4 Ra4 34.f3 Ra2+ 35.Kg1 Nc1 36.h4 Ne2+
37.Kf1 Nd4 38.Rf8 g6 39.g4 Kg7 40.Rf6 Rh2  0-1

[Event "11th Fajr Open"]
[Site "Tehran IRI"]
[Date "2003.03.02"]
[Round "5"]
[White "Khaghani,M"]
[Black "Mahmoody,M"]
[Result "1-0"]
[WhiteElo "2226"]
[BlackElo "2226"]

1.e4 c5 2.c3 Nf6 3.e5 Nd5 4.d4 cxd4 5.cxd4 d6 6.Nf3 dxe5 7.Nxe5 e6 8.Nc3 Bb4
9.Bd2 O-O 10.Bd3 Ne7 11.O-O Nbc6 12.Re1 Nxe5 13.Rxe5 Qxd4 14.Qe2 Rd8 15.Re3 e5
16.Nb5 Qxb2 17.Rd1 Bf5 18.h3 Bxd3 19.Rxd3 Nc6 20.Nc7 Nd4 21.Qe4 Rac8 22.Qxb7 Qc2
23.Bxb4 Rxc7 24.Qe4 Rcd7 25.Kf1 Qc7 26.Kg1 f5 27.Qe3 Qc4 28.Ba5 f4 29.Qxe5 Nf3+
30.gxf3 Rxd3 31.Rxd3 Qxd3 32.Bxd8 Qxd8 33.Qxf4 h6 34.a4 Qb6 35.Qe4 Qc5 36.f4 Kf7
37.Kg2 Kf6 38.Qa8 Kf5 39.Qb7 Kxf4 40.Qxg7 Qc6+ 41.Kh2 Qb6 42.Qg4+ Ke5 43.Kg3 Kd5
44.f4 Qf6 45.f5 Ke5 46.Qf4+ Kd5 47.Kg4 Kc6 48.h4 Kd7 49.Qd2+ Ke8 50.Qd5 Qg7+
51.Kh5 Qg1 52.Kxh6 Qe3+ 53.Kg6 Qg3+ 54.Kh5 Ke7 55.Qe6+ Kd8 56.f6 Qf3+ 57.Qg4 Qxf6
58.Qg5 Ke7 59.Qxf6+ Kxf6 60.Kg4 Kg6 61.a5 a6 62.Kf4 Kh5 63.Ke5 Kxh4 64.Kd6 Kg5
65.Kc6 Kf6 66.Kb6 Ke7 67.Kxa6  1-0

[Event "Victor Ciocaltea Mem"]
[Site "Bucharest ROM"]
[Date "2003.03.04"]
[Round "1"]
[White "Lemmers,O"]
[Black "Murariu,A"]
[Result "0-1"]
[WhiteElo "2444"]
[BlackElo "2361"]

1.e4 c5 2.c3 Nf6 3.e5 Nd5 4.Nf3 e6 5.Bc4 d6 6.d4 cxd4 7.cxd4 Nd7 8.Bxd5 exd5
9.O-O dxe5 10.dxe5 Nb6 11.a4 Be6 12.a5 Nc4 13.Qb3 Nxa5 14.Qb5+ Nc6 15.Qxb7 Rc8
16.Bg5 Qb6 17.Qxb6 axb6 18.Nc3 d4 19.Nb5 h6 20.Bd2 Bc5 21.b4 Nxb4 22.Bxb4 Bxb4
23.Rab1 Bc5 24.Nd6+ Bxd6 25.exd6 Rc6 26.Nxd4 Rxd6 27.Nb5 Rd7 28.Nc3 Rb7 29.Rb5 O-O
30.Rfb1 Rc8 31.Na4 Rbc7 32.h3 Bd7 33.R5b4 Rc1+ 34.Rxc1 Rxc1+ 35.Kh2 b5 36.Nb6 Bc6
37.Nc8 Bd7 38.Nb6 Be8 39.Nd5 Kf8 40.h4 Rc4 41.Rxc4 bxc4 42.Kg3 Bc6 43.Nc3 Ke7
44.f3 Kd6 45.Kf4 Kc5 46.Ke3 Kb4 47.Kd2 Kb3 48.Ne2 Kb2 49.Nc3 h5 50.Nd1+ Kb3
51.Nc3 f6 52.Nd1 g6 53.Nc3 g5 54.hxg5 fxg5 55.Ne2 Kb2 56.Nc3 h4 57.Nd1+ Kb3
58.Kc1 g4 59.fxg4 Bxg2 60.g5 h3 61.g6 h2  0-1

[Event "Jch-RUS g20"]
[Site "Essentuki RUS"]
[Date "2003.03.04"]
[Round "3"]
[White "Dotdaeva,A"]
[Black "Meshcheriakova,E"]
[Result "1/2-1/2"]
[WhiteElo "2093"]
[BlackElo "2320"]

1.e4 c5 2.c3 Nf6 3.e5 Nd5 4.d4 cxd4 5.cxd4 d6 6.Nf3 Nc6 7.Bc4 Nb6 8.Be2 g6
9.Bf4 d5 10.O-O Bg7 11.Nc3 O-O 12.a4 a5 13.Nb5 Bf5 14.Nh4 Be6 15.b3 Qd7 16.Be3 f5
17.f4 Rac8 18.Qd2 Nb4 19.Rac1 Rxc1 20.Rxc1 Rc8 21.Nf3 h6 22.h3 Rxc1+ 23.Qxc1 Qc6
24.Qxc6 Nxc6 25.Bd2 Kf7 26.Kf2 Bd7 27.Ne1 Nc8 28.Nd3 b6 29.b4 axb4 30.Nxb4 e6
31.Nxc6 Bxc6 32.Bb4 Bf8 33.Bxf8 Kxf8 34.h4 Kf7 35.Ke3 Bxb5 36.axb5 Ne7 37.g3 Kg7
38.Bf3 Kh7 39.g4  1/2-1/2

[Event "Victor Ciocaltea Mem"]
[Site "Bucharest ROM"]
[Date "2003.03.05"]
[Round "2"]
[White "Vajda,L"]
[Black "Lemmers,O"]
[Result "1/2-1/2"]
[WhiteElo "2576"]
[BlackElo "2444"]

1.e4 c5 2.c3 Nf6 3.e5 Nd5 4.d4 cxd4 5.Nf3 Nc6 6.cxd4 d6 7.Bc4 Nb6 8.Bb5 dxe5
9.Nxe5 Bd7 10.Bxc6 Bxc6 11.Nxc6 bxc6 12.Be3 g6 13.Nd2 Bg7 14.Nf3 Nd5 15.O-O Nxe3
16.fxe3 Qb6 17.Qe2 O-O 18.Rac1 e5 19.dxe5 Rae8 20.Kh1 Bxe5 21.b3 Bf4 22.Rc4 Qxe3
23.Qc2 Bh6 24.Rxc6 Re7 25.g3 Rfe8 26.Rf2 Bg7 27.Kg2 Bd4 28.Nxd4 Qxd4 29.Qc4 Qd1
30.Rcf6 Rf8 31.Qc6 Re1 32.Qb5 Re7 33.Qc4 Qd7 34.Qc6 Qd1 35.Rd6 Qe1 36.Qc4 Qe5
37.Rc6 Rfe8 38.b4 Rd8 39.Rc5 Qe1 40.b5 Qe3 41.a4 Rd4 42.Qc2 Red7 43.a5 h5
44.Qe2 Qxe2 45.Rxe2 h4 46.a6 hxg3 47.hxg3 Rb4 48.Kf3 Kg7 49.g4 Rd1 50.Re7 Rdb1
51.Rxa7 Rxb5 52.Rxb5 Rxb5 53.Rb7 Ra5 54.a7 Kf6 55.Kg3 Ra1 56.Kf4 Ra4+ 57.Kg3 Ra1
58.Kf4 Ra4+ 59.Ke3 Kg5 60.Rxf7 Ra3+ 61.Kd4 Kxg4 62.Kc5 g5 63.Rd7 Ra1 64.Kb6 Kf3
65.Rd5 Rxa7 66.Kxa7 g4 67.Rf5+ Ke3 68.Rg5 Kf3 69.Rxg4  1/2-1/2

[Event "Jch-RUS b20"]
[Site "Essentuki RUS"]
[Date "2003.03.06"]
[Round "5"]
[White "Yudin,S"]
[Black "Anisimov,P"]
[Result "1/2-1/2"]
[WhiteElo "2406"]
[BlackElo "2448"]

1.e4 c5 2.c3 Nf6 3.e5 Nd5 4.Nf3 Nc6 5.Bc4 Nb6 6.Bb3 c4 7.Bc2 Qc7 8.Qe2 g5
9.h3 Bg7 10.O-O Nxe5 11.Nxg5 d5 12.a4 Nbd7 13.Na3 h6 14.Nf3 O-O 15.Re1 e6
16.Nb5 Qd8 17.Nxe5 Nxe5 18.f4 Nc6 19.d3 a6 20.Na3 b5 21.d4 f5 22.Nb1 b4 23.Kh1 Bd7
24.Nd2 Rb8 25.Nf3  1/2-1/2

[Event "X Anibal Open"]
[Site "Linares ESP"]
[Date "2003.03.06"]
[Round "7"]
[White "Guerra Bastida,D"]
[Black "Ivanov,J"]
[Result "1/2-1/2"]
[WhiteElo "2368"]
[BlackElo "2446"]

1.e4 c5 2.c3 Nf6 3.e5 Nd5 4.d4 cxd4 5.Nf3 Nc6 6.cxd4 d6 7.Bc4 e6 8.O-O Be7
9.a3 O-O 10.Qe2 Qb6 11.Qe4 Na5 12.exd6 Bxd6 13.Nbd2 Nxc4 14.Nxc4 Qc7 15.Nxd6 Qxd6
16.Bd2 Bd7 17.Ng5 Nf6 18.Qe5 Qd5 19.Qxd5  1/2-1/2

[Event "X Anibal Open"]
[Site "Linares ESP"]
[Date "2003.03.08"]
[Round "9"]
[White "Russek,G"]
[Black "Rodriguez Guerrero,E"]
[Result "0-1"]
[WhiteElo "2371"]
[BlackElo "2450"]

1.e4 c5 2.c3 Nf6 3.e5 Nd5 4.Nf3 e6 5.d4 cxd4 6.cxd4 d6 7.a3 Nc6 8.Bd3 g6
9.O-O Bg7 10.Re1 O-O 11.b4 dxe5 12.dxe5 b6 13.Bb2 Bb7 14.Nc3 Nxc3 15.Bxc3 Ne7
16.Be4 Bxe4 17.Rxe4 Qxd1+ 18.Rxd1 Nd5 19.Bd2 Rac8 20.b5 Rfd8 21.Rde1 Bf8
22.a4 Rc2 23.h4 Bc5 24.R1e2 a6 25.Ne1 Ra2 26.Bg5 Rxe2 27.Rxe2 Ra8 28.Nd3 axb5
29.Nxc5 bxc5 30.axb5 c4 31.Rb2 c3 32.Rb3 c2 33.b6 Ra1+ 34.Kh2 Rb1 35.Ra3 Kg7
36.Ra8 h6  0-1

[Event "TCh-BEL 2002-3"]
[Site "Belgium BEL"]
[Date "2003.03.09"]
[Round "10"]
[White "Vermeulen,B"]
[Black "Filipek,J"]
[Result "1-0"]
[WhiteElo "2210"]
[BlackElo "2379"]

1.e4 c5 2.c3 Nf6 3.e5 Nd5 4.d4 cxd4 5.Nf3 Nc6 6.Bc4 Nb6 7.Bb3 d5 8.exd6 Qxd6
9.Na3 a6 10.O-O Be6 11.Bxe6 Qxe6 12.Nxd4 Nxd4 13.Qxd4 Rd8 14.Qe3 Qxe3 15.Bxe3 Nd5
16.Bd4 f6 17.f4 e6 18.Nc2 Bd6 19.g3 Kf7 20.Kg2 h5 21.Rad1 b5 22.Ne3 Bc7 23.Nxd5 Rxd5
24.Be3 Rhd8 25.Rxd5 Rxd5 26.Kf3 Kg6 27.h3 a5 28.Bd4 b4 29.Re1 Kf7 30.Re4 bxc3
31.Bxc3 Bb6 32.Ke2 g5 33.fxg5 Rxg5 34.g4 f5 35.gxf5 Rxf5 36.Re5 Rxe5+ 37.Bxe5 Kg6
38.Kd3 Kf5 39.Bg3 e5 40.a4 e4+ 41.Kc4 e3 42.Kd3 Bc5 43.Bc7 Kg5 44.Bxa5 Kh4
45.b4 Bd6 46.Kxe3 Kxh3 47.Kf3 h4 48.b5 Kh2 49.Bb6 h3 50.a5 Kh1 51.a6 h2 52.a7 Bc5
53.a8=Q  1-0

[Event "69th ch-BLR"]
[Site "Minsk BLR"]
[Date "2003.03.09"]
[Round "10"]
[White "Kochetkov,Vit"]
[Black "Zhigalko,S"]
[Result "1/2-1/2"]
[WhiteElo "2396"]
[BlackElo "2293"]

1.e4 c5 2.c3 Nf6 3.e5 Nd5 4.d4 cxd4 5.Nf3 Nc6 6.Bc4 Nb6 7.Bb3 g6 8.cxd4 Bg7
9.Nc3 O-O 10.Bf4 d5 11.exd6 exd6 12.O-O Bg4 13.h3 Bxf3 14.Qxf3 Qd7 15.d5 Nd4
16.Qg4 Rfd8 17.Qxd7 Rxd7 18.Rfd1 Be5 19.Bg5 Rc8 20.Rd3 Nc4 21.Bxc4 Rxc4 22.Re1 Nc2
23.Re2 Nb4 24.Rd1 Kg7 25.a3 Na6 26.Nb5 b6 27.Be3 h5 28.Bd4 Bxd4 29.Rxd4 Rxd4
30.Nxd4 Nc7 31.Rd2 Nxd5 32.Nb5 Nf4 33.Rxd6 Re7 34.h4 Re1+ 35.Kh2 Re2 36.b4 Rxf2
37.Kg3 Rf1 38.Nxa7 Ne2+ 39.Kh2 f5 40.Re6 Rf2 41.Nc6 f4 42.Ne5 Ng3 43.Rxg6+ Kh7
44.Nd3 Rf1 45.Nxf4 Nf5 46.Rxb6 Rxf4 47.a4 Rxh4+ 48.Kg1 Rf4 49.g3 Nxg3 50.a5 h4
51.a6 Rf1+ 52.Kg2 Ra1 53.b5 Nf5 54.Rb7+ Kg6 55.a7 Ra2+ 56.Kh3 Ra3+ 57.Kh2  1/2-1/2

[Event "36th Ladies GM"]
[Site "Belgrade YUG"]
[Date "2003.03.11"]
[Round "7"]
[White "Jicman,L"]
[Black "Petrenko,S"]
[Result "0-1"]
[WhiteElo "2256"]
[BlackElo "2348"]

1.e4 c5 2.c3 Nf6 3.e5 Nd5 4.d4 cxd4 5.Nf3 Nc6 6.cxd4 e6 7.Bc4 d6 8.O-O Be7
9.Qe2 O-O 10.Nc3 Nb6 11.Bb3 d5 12.Bc2 f5 13.exf6 Bxf6 14.Qd3 g6 15.a3 Bg7
16.Ne2 Nc4 17.h4 e5 18.dxe5 N6xe5 19.Nxe5 Bf5 20.Qd1 Bxc2 21.Qxc2 Bxe5 22.Bg5 Qd7
23.Nc3 Rac8 24.Rad1 Nxb2 25.Qxb2 Rxc3 26.Rfe1 Re3 27.Qxe5 Rxe5 28.Rxe5 d4
29.Re4 Qf5 30.f3 h6 31.Bxh6 Rd8 32.Bg5 Rd7 33.Rdxd4 Rxd4 34.Rxd4 Qc5 35.Be3 Qxa3
36.Kf2 b6 37.g4 a5 38.h5 gxh5 39.gxh5 b5 40.h6 Qa2+ 41.Kg3 Qe6 42.Re4 Qd6+
43.Kg2 b4 44.Rd4 Qe6 45.Rg4+ Kh8 46.Re4 Qg6+ 47.Rg4 Qe6 48.Re4 Qg6+ 49.Kf2 b3
50.Rg4 Qc2+ 51.Kg3 b2 52.Rg7 Qc3 53.Re7 Qxe3 54.Rxe3 b1=Q 55.Re7 Qg6+ 56.Kf2 Qxh6
57.Re4 Qd2+ 58.Kg3 Qd6+ 59.f4 Qd3+  0-1

[Event "Jch-RUS g20"]
[Site "Essentuki RUS"]
[Date "2003.03.13"]
[Round "11"]
[White "Novikova,A"]
[Black "Kucherova,L"]
[Result "1/2-1/2"]
[WhiteElo "2221"]
[BlackElo "2231"]

1.e4 c5 2.c3 Nf6 3.e5 Nd5 4.d4 cxd4 5.Nf3 e6 6.cxd4 d6 7.Nc3 dxe5 8.Nxe5 Nxc3
9.bxc3 Bd6 10.Bb5+ Bd7 11.Nxd7 Nxd7 12.O-O O-O 13.Qf3 Qc7 14.h4 e5 15.Rb1 b6
16.Bg5 Rac8 17.Rfe1 Nb8 18.Bd3 f6 19.Bd2 Qf7 20.Bc2 Kh8 21.Bb3 Qd7 22.h5 Nc6
23.Rbd1 Ne7 24.Qd3 Qg4 25.Qe2 Qxe2 26.Rxe2 Nc6 27.Be6 Rc7 28.Be3 Re7 29.Bf5 Na5
30.Bc1 Rfe8 31.Kf1 Nc4 32.a4 a6 33.Bd3 b5 34.axb5 axb5 35.Ra2 exd4 36.cxd4 Bb4
37.Re2 Rxe2 38.Bxe2 Rd8 39.d5 Kg8 40.Bg4 Kf7 41.Bf4 Bc3 42.Be6+ Ke7 43.Bf5 Ne5
44.Bxh7 Kd6 45.Be4 b4 46.Ke2 Ra8 47.h6 Ra2+ 48.Kf1 gxh6 49.Bxh6 Nd7 50.Bf4+ Ne5
51.g4 Ra4 52.Rc1 b3 53.Rxc3 Rxe4 54.Bxe5+ Kxe5 55.Rxb3 Kxd5 56.f3 Rc4 57.Kf2 Ke5
58.Kg3  1/2-1/2

[Event "TCh-FIN 2002-3"]
[Site "Finland FIN"]
[Date "2003.03.15"]
[Round "8"]
[White "Kiltti,J"]
[Black "Ristoja,T"]
[Result "1/2-1/2"]
[WhiteElo "2220"]
[BlackElo "2236"]

1.e4 c5 2.c3 Nf6 3.e5 Nd5 4.d4 cxd4 5.Nf3 Nc6 6.cxd4 d6 7.Bc4 e6 8.O-O Be7
9.Qe2 O-O 10.Nc3 Nb6 11.Bb3  1/2-1/2

[Event "19th Open"]
[Site "Bad Woerishofen GER"]
[Date "2003.03.16"]
[Round "4"]
[White "Heika,M"]
[Black "Gutman,L"]
[Result "1/2-1/2"]
[WhiteElo "2355"]
[BlackElo "2495"]

1.e4 c5 2.c3 Nf6 3.e5 Nd5 4.d4 cxd4 5.Nf3 Nc6 6.Bc4 Nb6 7.Bb3 g6 8.cxd4 Bg7
9.Nc3 O-O 10.O-O d6 11.exd6 Qxd6 12.Nb5 Qb8 13.d5 a6 14.dxc6 axb5 15.Qe2 bxc6
16.Qxe7 Bg4 17.Qe4 Bxf3 18.Qxf3 c5 19.Bf4 Be5 20.Bh6 c4 21.Bxf8 cxb3 22.Bb4 bxa2
23.Qb3 Bxh2+ 24.Kh1 Be5 25.Bc3 Ra4 26.Bxe5 Qxe5 27.Kg1 Nc4 28.Rfe1 Qxb2 29.Qxb2 Nxb2
30.Re2 Rb4 31.Rxa2 Nc4 32.Ra7 Nd6 33.Rd2 Nf5 34.Rdd7 Nh6 35.f3 Rf4 36.Kf2 Rf6
37.Rdb7 Nf5 38.Rxb5 h5 39.Rb8+ Kg7 40.Raa8 Rc6 41.Rc8  1/2-1/2

[Event "TCh-FIN 2002-3"]
[Site "Finland FIN"]
[Date "2003.03.16"]
[Round "9"]
[White "Tolonen,M"]
[Black "Niemela,A"]
[Result "1/2-1/2"]
[WhiteElo "2241"]
[BlackElo "2260"]

1.e4 c5 2.c3 Nf6 3.e5 Nd5 4.d4 cxd4 5.Nf3 Nc6 6.cxd4 d6 7.Bc4 Nb6 8.Bb5 dxe5
9.Nxe5 Bd7 10.Bxc6 Bxc6 11.Nxc6 bxc6 12.O-O g6 13.Qc2 Qd7 14.Rd1 Bg7 15.Bf4 O-O
16.Be5 Nd5 17.Bxg7  1/2-1/2

[Event "TCh-FIN 2002-3"]
[Site "Finland FIN"]
[Date "2003.03.16"]
[Round "9"]
[White "Vihinen,T"]
[Black "Ristoja,T"]
[Result "1-0"]
[WhiteElo "2161"]
[BlackElo "2236"]

1.e4 c5 2.c3 Nf6 3.e5 Nd5 4.d4 cxd4 5.Nf3 Nc6 6.Bc4 Nb6 7.Bb3 d5 8.exd6 Qxd6
9.O-O Be6 10.Na3 Bxb3 11.Qxb3 e6 12.Nb5 Qd8 13.Nfxd4 Be7 14.Rd1 Nxd4 15.Rxd4 Qc8
16.Nxa7 Rxa7 17.Qxb6 Ra6 18.Qb5+ Rc6 19.Bf4 O-O 20.Rad1  1-0

[Event "Tch-SWE 2002-3"]
[Site "Sweden SWE"]
[Date "2003.03.16"]
[Round "11"]
[White "Markovic,Miros"]
[Black "Niklasson,C"]
[Result "1-0"]
[WhiteElo "2515"]
[BlackElo "2375"]

1.e4 c5 2.c3 Nf6 3.e5 Nd5 4.Nf3 e6 5.g3 b6 6.Bg2 Bb7 7.O-O Nc6 8.Na3 Be7
9.d3 O-O 10.Qe2 d6 11.exd6 Qxd6 12.Nc4 Qc7 13.a4 Rad8 14.h4 Rfe8 15.Re1 Bf8
16.Bg5 f6 17.Bc1 e5 18.h5 Qd7 19.Nh4 Nde7 20.Be4 f5 21.Bg2 Nc8 22.Bh3 N8e7
23.Bg5 Qxd3 24.Qxd3 Rxd3 25.Nxe5 Nxe5 26.Rxe5 h6 27.Bf4 Red8 28.Rae1 Rd1
29.Nxf5 Nxf5 30.Bxf5 Rxe1+ 31.Rxe1 Bc8 32.Bc7  1-0

[Event "TCh-AUT B"]
[Site "Mitte AUT"]
[Date "2003.03.23"]
[Round "11"]
[White "Eichert,W"]
[Black "Benda,H"]
[Result "1/2-1/2"]
[WhiteElo "2197"]
[BlackElo "2251"]

1.e4 c5 2.c3 Nf6 3.e5 Nd5 4.d4 cxd4 5.Nf3 e6 6.cxd4 Nc6 7.Bc4 Nb6 8.Bb3 d6
9.O-O dxe5 10.dxe5 Qxd1 11.Rxd1 Bd7 12.Nc3 Na5 13.Bc2 Rc8 14.Be4 Na4 15.Nxa4 Bxa4
16.b3  1/2-1/2

[Event "4th Millennium Festival"]
[Site "Virginia Beach USA"]
[Date "2003.03.29"]
[Round "3"]
[White "Blatny,P"]
[Black "Ehlvest,J"]
[Result "1-0"]
[WhiteElo "2475"]
[BlackElo "2600"]

1.e4 c5 2.c3 Nf6 3.e5 Nd5 4.d4 cxd4 5.Nf3 e6 6.cxd4 d6 7.Bc4 Be7 8.Qe2 Nc6
9.O-O O-O 10.Nc3 dxe5 11.dxe5 Nxc3 12.bxc3 Qc7 13.Bd3 Rd8 14.h4 Bd7 15.Bg5 Be8
16.Rae1 g6 17.Bb1 Rd5 18.Qe3 Rad8 19.Qf4 Rc5 20.Bxe7 Qxe7 21.Ng5 Kg7 22.Re3 h6
23.Nf3 Na5 24.Rfe1 Nc4 25.Re4 Nb6 26.Rd4 Nd5 27.Qd2 Rdc8 28.h5 Rxc3 29.hxg6 fxg6
30.Be4 Nb6 31.Rd6 R3c5 32.Bd3 Bf7 33.Qf4 Nd5 34.Qd4 Rc1 35.Rxc1 Rxc1+ 36.Kh2 Rd1
37.Qc4 Qc7 38.Qxc7 Nxc7 39.Bxg6 Nd5 40.Bxf7 Kxf7 41.Rd7+ Kg6 42.Rxb7 a5 43.Ra7 Rf1
44.Kg3 Nc3 45.Nd4 Nxa2 46.Rxa5 Nc3 47.Nxe6 Kf5 48.Ng7+ Kg6 49.Ne6 Kf5 50.Nc5 Ne2+
51.Kf3 Ng1+ 52.Kg3 Ne2+ 53.Kh2 Rxf2 54.e6 Kg6 55.Ra2  1-0

[Event "Friendship Cup AZE-IRI"]
[Site "Baku AZE"]
[Date "2003.04.04"]
[Round "7"]
[White "Shukurova,M"]
[Black "Moradi,B"]
[Result "0-1"]
[WhiteElo "2250"]
[BlackElo "2216"]

1.e4 c5 2.c3 Nf6 3.e5 Nd5 4.d4 cxd4 5.Nf3 Nc6 6.Bc4 Nb6 7.Bb3 d6 8.exd6 e6
9.cxd4 Qxd6 10.O-O Be7 11.Nc3 O-O 12.Ne4 Qd8 13.a3 Nd5 14.Bc2 b6 15.Qd3 f5
16.Nc3 Bf6 17.Re1 Nce7 18.Bb3 Bd7 19.Ng5 Qc8 20.Bd2 h6 21.Nxd5 exd5 22.Rxe7 Bxe7
23.Bxd5+ Kh8 24.Nf7+ Rxf7 25.Bxf7 Qf8 26.Bh5 Bd6 27.Bc3 Qf6 28.Bf3 Rf8 29.Re1 Qh4
30.g3 Qg5 31.Bd2 Qf6 32.Bd1 Bc6 33.d5 Bd7 34.Bc3 Qg5 35.Bc2 a5 36.Re3 Qd8
37.Be5 Bc5 38.Bd4 Bd6 39.Qc3 Rf7 40.Be5 Bc5 41.Re1 a4 42.Qd2 Kg8 43.b4 axb3
44.Bxb3 Kh7 45.d6 Rf8 46.Bb2 Re8 47.Rxe8 Qxe8 48.Qc3 Qg6 49.Qc4 Qe8 50.Qc3 Qf8
51.a4 Bxd6 52.Qd4 Qe7 53.Qe3 Qxe3 54.fxe3 Bc5 55.Kf2 g5 56.Ke2 Kg6 57.Kd3 Bd6
58.Bd4 Bc7 59.Bd1 Bc6 60.Kc3 h5 61.Kb4 g4 62.Bc3 h4 63.Be1 h3 64.Be2 Kf6
65.Bb5 Bf3 66.Bc3+ Ke6 67.Be1 Kd5 68.Bd3 Be4 69.Bc4+ Kc6 70.Bb5+ Kd6 71.Bc4 Bc6
72.Bd3 Ke5 73.Bc3+ Ke6 74.Be1 Bd6+ 75.Kb3 Bc5 76.Bc4+ Ke5 77.Bd2 Ke4 78.Be6 Bd5+
79.Bxd5+ Kxd5 80.Kc3 Ke4 81.Kc4 Bxe3 82.Bxe3 Kxe3 83.Kb5 f4  0-1

[Event "National I"]
[Site "Besancon FRA"]
[Date "2003.04.04"]
[Round "4"]
[White "Lucchetti,P"]
[Black "Bricard,E"]
[Result "0-1"]
[WhiteElo "2181"]
[BlackElo "2458"]

1.e4 c5 2.c3 Nf6 3.Qa4 e6 4.Nf3 Be7 5.e5 Nd5 6.Qg4 O-O 7.d4 f5 8.Qh5 cxd4
9.Nxd4 Qc7 10.f4 Nc6 11.Qd1 g5 12.Nxc6 bxc6 13.g3 gxf4 14.Bxf4 Nxf4 15.gxf4 Bh4+
16.Kd2 Qb6 17.Kc2 Qe3 18.Bd3 Qxf4 19.Rg1+ Kh8 20.Qh5 Be7 21.Nd2 Qh4 22.Qe2 Bb7
23.Nf3 Qh5 24.Ng5 Qxe2+ 25.Bxe2 h6 26.Nh3 Rg8 27.Rxg8+ Rxg8 28.Rg1 Rxg1 29.Nxg1 Kg7
30.Bh5 d6 31.Nf3 c5 32.exd6 Bxd6 33.h3 Kf6 34.Kd3 e5 35.Kc4 Ke6 36.Kb5 Bd5
37.b3 Bxf3 38.Bxf3 e4 39.Bh5 f4 40.Kc4 Ke5 41.b4 cxb4 42.cxb4 f3  0-1

[Event "Classics GM"]
[Site "Gausdal NOR"]
[Date "2003.04.04"]
[Round "2"]
[White "Kristjansson,S"]
[Black "Lugovoi,A"]
[Result "1/2-1/2"]
[WhiteElo "2406"]
[BlackElo "2563"]

1.e4 c5 2.c3 Nf6 3.e5 Nd5 4.d4 cxd4 5.Nf3 Nc6 6.Bc4 e6 7.cxd4 d6 8.O-O Be7
9.a3 O-O 10.b4 a6 11.Qc2 Qc7 12.Bb2 Bd7 13.Nbd2 Rfd8 14.Rac1 Be8 15.Qe4 Rac8
16.Bd3 g6 17.Bb1 Qb8 18.Ba2 dxe5 19.dxe5 Na7 20.Nc4 Nb5 21.h4 Bc6 22.Qg4 h5
23.Qg3 Bf8 24.Ng5 Ne7 25.Qf4 Nf5 26.Ne3 Nbd4 27.Rfe1 Bh6 28.Rcd1 Qa7 29.Kh2 Ba4
30.Nxf5 Nxf5 31.Rxd8+ Rxd8 32.Qc1 b6 33.Bb1 Qe7 34.Bxf5 Bxg5 35.Qxg5 Qxg5  1/2-1/2